Beauty and the Beast / (Record no. 49260)
| 000 -LEADER | |
|---|---|
| fixed length control field | 00380nam a2200121 4500 |
| 020 ## - INTERNATIONAL STANDARD BOOK NUMBER | |
| International Standard Book Number | 0717283275 |
| 100 ## - MAIN ENTRY--PERSONAL NAME | |
| Personal name | Disney, Walt, |
| Relator term | author. |
| 245 ## - TITLE STATEMENT | |
| Title | Beauty and the Beast / |
| Statement of responsibility, etc | by Walt Disney. |
| 260 ## - PUBLICATION, DISTRIBUTION, ETC. (IMPRINT) | |
| Place of publication, distribution, etc | U.S.A. ; |
| Name of publisher, distributor, etc | Grolier Enterprises. |
| Date of publication, distribution, etc | January 1, 1993. |
| 490 ## - SERIES STATEMENT | |
| Series statement | Disney's Wonderful World of Reading |
| 650 ## - SUBJECT ADDED ENTRY--TOPICAL TERM | |
| 9 (RLIN) | 74802 |
| Topical term or geographic name as entry element | Disney characters |
| Form subdivision | Juvenile fiction. |
| 942 ## - ADDED ENTRY ELEMENTS (KOHA) | |
| Source of classification or shelving scheme | |
| Koha item type | Book |
| Withdrawn status | Lost status | Source of classification or shelving scheme | Damaged status | Not for loan | Home library | Current library | Date acquired | Total Checkouts | Full call number | Barcode | Date last seen | Date checked out | Price effective from | Koha item type |
|---|---|---|---|---|---|---|---|---|---|---|---|---|---|---|
| Logos International School | Logos International School | 08/13/2025 | 6 | E DIS | 042838 | 04/20/2026 | 04/03/2026 | 08/13/2025 | Book |